000
00255nam a2200109Ia 4500
005
20251222154333.0
008
251222s9999||||xx |||||||||||||| ||spa||
020
_a
84-345-3306-5
082
_a
803.08/S17
245
0
_a
El mundo de los niƱos 2
942
_c
LIB
999
_c
34220
_d
34220